Nelegálna práca a nelegálne zamestnávanie v zmysle právneho rámca SR

Nelegálna práca a nelegálne zamestnávanie, ich podstata a právne vymedzenie. Nelegálna práca a zamestnávanie v podmienkach Slovenskej republiky. Kontrola nelegálnej práce a nelegálneho zamestnávania. Zmeny v legislatíve od 1.1.2014.

Gespeichert in:
Bibliographische Detailangaben
1. Verfasser: Neumannová, Anna
Weitere Verfasser: Židó, Marián
Format: Buchkapitel
Sprache:Slowakisch
Schlagworte:
Tags: Tag hinzufügen
Keine Tags, Fügen Sie das erste Tag hinzu!

MARC

LEADER 00000naa a2200000 4500
001 0191061
005 20220718123410.4
041 0 |a slo 
044 |a SK 
245 1 0 |a Nelegálna práca a nelegálne zamestnávanie v zmysle právneho rámca SR  |c Anna Neumannová, Marián Židó 
520 |a Nelegálna práca a nelegálne zamestnávanie, ich podstata a právne vymedzenie. Nelegálna práca a zamestnávanie v podmienkach Slovenskej republiky. Kontrola nelegálnej práce a nelegálneho zamestnávania. Zmeny v legislatíve od 1.1.2014. 
610 2 0 |a Slovensko 
610 2 0 |a zamestnanie 
610 2 0 |a legislatíva 
610 2 0 |a práca 
100 1 |a Neumannová, Anna 
700 1 |a Židó, Marián